000 00457nam a2200157Ia 4500
003 LK-CoDNM
008 010623t1907 xxu||||| |||| 00| 1 sin d
040 _aLK-CoDNM
_dLK-CoDNM
_eLK-CoDNM
041 _asin
080 _a104 U.21
245 _aධර්මපාල හෑල්ල සහ දළදා සිංදුව
246 _aDharmapaala Heella saha Daladaa Sinduva
260 _bF.E.Cooray
_aColombo
_c1907
300 _b12p., 18 cm
942 _cBK
999 _c86565
_d86565